Normal view
MARC view
- DeLaurell, R.
Entry Personal Name
001 - CONTROL NUMBER
- control field: 42777
003 - CONTROL NUMBER IDENTIFIER
- control field: OSt
005 - DATE AND TIME OF LATEST TRANSACTION
- control field: 20210120140638.0
008 - FIXED-LENGTH DATA ELEMENTS
- fixed length control field: 210120|| aca||aabn | a|a d
040 ## - CATALOGING SOURCE
- Original cataloging agency: OSt
- Transcribing agency: OSt
100 ## - HEADING--PERSONAL NAME
- Personal name: DeLaurell, R.
- Relator term: Author.
670 ## - SOURCE DATA FOUND
- Source citation: Work cat.: (OSt): Daniels, Roger B. 42775, IRS schedule UTP and legal privileges of tax accrual workpapers:, ©2015.
